| 000 | 00626nam a2200241Ia 4500 | ||
|---|---|---|---|
| 008 | 160803s9999 xx 000 0 und d | ||
| 020 | _a0 590907395 | ||
| 100 | _aBlackstein, Karen | ||
| 245 | 4 | _aThe blind men and the elephant / | |
| 245 | _cretold by Karen Backstein ; illustrated by Annie Mitra. | ||
| 260 | _aNew York : | ||
| 260 | _bScholastic Inc. | ||
| 260 | _c1992 | ||
| 300 | _a42 unnumbered pages : | ||
| 300 | _bcolor illustrations ; | ||
| 300 | _c23 cm. | ||
| 650 | _aElephants -- | ||
| 650 | _aFable. | ||
| 650 | _aFolklore -- | ||
| 650 | _xFolklore. | ||
| 650 | _xIndia. | ||
| 700 | _a280 | ||
| 999 |
_c298887 _d298887 |
||